<?xml version="1.0" encoding="UTF-8"?>
<record
    xmlns:xsi="http://www.w3.org/2001/XMLSchema-instance"
    xsi:schemaLocation="http://www.loc.gov/MARC21/slim http://www.loc.gov/standards/marcxml/schema/MARC21slim.xsd"
    xmlns="http://www.loc.gov/MARC21/slim">

  <leader>00384    a2200109   4500</leader>
  <controlfield tag="001">ART_61497</controlfield>
  <controlfield tag="005">20260410162056.0</controlfield>
  <controlfield tag="008">260409a                                 </controlfield>
  <datafield tag="245" ind1="1" ind2="0">
    <subfield code="a">An&#xE1;lisis del fallo &#x201C;AMIA&#x201D; de la C&#xE1;mara Federal de Casaci&#xF3;n Penal</subfield>
  </datafield>
  <datafield tag="100" ind1="1" ind2=" ">
    <subfield code="a">Fiumara, Franco M.</subfield>
  </datafield>
  <datafield tag="773" ind1="0" ind2=" ">
    <subfield code="t">Temas de derecho penal y procesal penal</subfield>
    <subfield code="g">- A&#xF1;o 6, N&#xB0; 6/7 (jun./jul. 2024)</subfield>
    <subfield code="w">REV60798</subfield>
  </datafield>
  <datafield tag="999" ind1=" " ind2=" ">
    <subfield code="c">36262</subfield>
    <subfield code="d">36262</subfield>
  </datafield>
</record>
